Statystyki dla Państwa z największą liczbą wojsk posiadających bronie palne

Kliknij tutaj aby rozwiązać quiz!

Ogólne statystyki

  • Ten quiz został rozwiązany 111 razy
  • Średni wynik to 10 z 17

Statystyki odpowiedzi

Liczba
wojsk
Kraj% Poprawnych
4,535,380Stany Zjednoczone
98%
30,272,900Rosja
97%
27,466,400Chiny
94%
3,900,000Indie
79%
8,363,100Korea Północna
69%
1,316,300Brazylia
68%
2,688,000Korea Południowa
66%
2,315,000Pakistan
60%
3,333,500Iran
59%
1,390,100Turcja
55%
6,600,000Ukraina
50%
1,711,400Indonezja
48%
1,544,700Egipt
45%
1,016,900Izrael
41%
3,829,200Wietnam
36%
1,052,800Tajlandia
24%
2,022,100Tajwan
20%

Rozkład punktacji

Percentyl według liczby udzielonych odpowiedzi

Procent ludzi z każdym wynikiem

Twoja historia wyników

Nie rozwiązałeś tego quizu